[Event "20th NATO Chess Ch"]
[Site "Hammelburg"]
[Date "2009.06.15"]
[Round "1.27"]
[White "Bublys, Vaidotas"]
[Black "Indbryn, Tommy"]
[Result "0-1"]
[WhiteElo "1930"]
[BlackElo "2158"]
[PlyCount "62"]
[EventDate "2009.06.??"]
[EventType "swiss"]
[EventRounds "7"]
[EventCountry "GER"]
[SourceDate "2000.01.03"]

1. d4 d5 2. c4 e6 3. Nc3 c6 4. e3 Nf6 5. Nf3 Nbd7 6. Bd3 dxc4 7. Bxc4 b5 8. Bd3
a6 9. O-O c5 10. dxc5 Nxc5 11. Bc2 Bb7 12. Qxd8+ Rxd8 13. Rd1 Rxd1+ 14. Nxd1
Nd5 15. a3 g6 16. b4 Bg7 17. Bb2 Bxb2 18. Nxb2 Nd7 19. Rd1 Ke7 20. Nd3 Rc8 21.
Nde1 Nc3 22. Rd2 Bxf3 23. gxf3 Ne5 24. Bb3 Nb1 25. Rc2 Rxc2 26. Nxc2 Nxf3+ 27.
Kg2 Nfd2 28. Nd4 e5 29. Nf3 Nxb3 30. Nxe5 Nxa3 31. Nc6+ Kd6 0-1

[Event "20th NATO Chess Ch"]
[Site "Hammelburg"]
[Date "2009.06.15"]
[Round "1.28"]
[White "L'Henoret, Thierry"]
[Black "Erhan, Ersin"]
[Result "1/2-1/2"]
[WhiteElo "2158"]
[BlackElo "1928"]
[PlyCount "120"]
[EventDate "2009.06.??"]
[EventType "swiss"]
[EventRounds "7"]
[EventCountry "GER"]
[SourceDate "2000.01.03"]

1. d4 Nf6 2. Nf3 e6 3. e3 d5 4. Bd3 c5 5. c3 Nc6 6. Nbd2 Bd6 7. O-O O-O 8. dxc5
Bxc5 9. b4 Bd6 10. Bb2 Bd7 11. a3 Rc8 12. c4 a6 13. Qb3 dxc4 14. Nxc4 Be7 15.
Rfd1 Qc7 16. Rac1 Rfd8 17. Nce5 Be8 18. Nd4 Qb6 19. Ndxc6 bxc6 20. Qa4 c5 21.
Qxa6 Qxa6 22. Bxa6 Rxd1+ 23. Rxd1 Rb8 24. Nd3 cxb4 25. Nxb4 Bxb4 26. axb4 Rxb4
27. Bc3 Rb6 28. Be2 Kf8 29. f3 Ke7 30. Bd4 Rc6 31. Bb5 Rc2 32. Bd3 Rc8 33. g4
g6 34. g5 Nd5 35. e4 Nf4 36. Ba6 Rc6 37. Bf6+ Kf8 38. Bf1 Rc8 39. Kf2 Nh5 40.
Be5 Bc6 41. Ke3 f6 42. Bxf6 Nxf6 43. gxf6 Ba4 44. Ra1 Bb3 45. Ra7 h6 46. Rh7
Rc3+ 47. Kf2 e5 48. Re7 Bd1 49. Bg2 Rc5 50. Kg3 Bb3 51. Bh3 Bf7 52. Bg2 h5 53.
h4 Bb3 54. f4 Rc3+ 55. Kf2 exf4 56. e5 Rc2+ 57. Kg1 Rc1+ 58. Kf2 Rc2+ 59. Kg1
Rc1+ 60. Kf2 Rc2+ 1/2-1/2

[Event "20th NATO Chess Ch"]
[Site "Hammelburg"]
[Date "2009.06.15"]
[Round "1.29"]
[White "De Cat, Ben"]
[Black "Mestek, Igor"]
[Result "0-1"]
[WhiteElo "1920"]
[BlackElo "2158"]
[PlyCount "62"]
[EventDate "2009.06.??"]
[EventType "swiss"]
[EventRounds "7"]
[EventCountry "GER"]
[SourceDate "2000.01.03"]

1. Nf3 c5 2. d3 e6 3. e4 b6 4. Be2 Bb7 5. Nbd2 d5 6. c3 Nd7 7. Qc2 Bd6 8. h3
Ne7 9. a4 Qc7 10. d4 cxd4 11. Nxd4 a6 12. O-O O-O 13. exd5 Nxd5 14. Nc4 Bh2+
15. Kh1 Nf4 16. Bf3 Qxc4 17. Bxf4 Bxf3 18. Bxh2 Bh5 19. Rfe1 Rac8 20. Qb3 Rfd8
21. f3 Bg6 22. Rad1 Qxb3 23. Nxb3 Bc2 24. Nd4 Bxd1 25. Rxd1 Nc5 26. Ra1 Nd3 27.
Rb1 e5 28. Ne2 Nf2+ 29. Kg1 Rd1+ 30. Rxd1 Nxd1 31. Bxe5 Re8 0-1

[Event "20th NATO Chess Ch"]
[Site "Hammelburg"]
[Date "2009.06.15"]
[Round "1.30"]
[White "Lillevold, Frode"]
[Black "Kocur, Marc"]
[Result "1-0"]
[WhiteElo "2154"]
[BlackElo "1919"]
[PlyCount "69"]
[EventDate "2009.06.??"]
[EventType "swiss"]
[EventRounds "7"]
[EventCountry "GER"]
[SourceDate "2000.01.03"]

1. d4 d5 2. c4 c6 3. Nf3 Nf6 4. Nc3 dxc4 5. a4 Bf5 6. Ne5 e6 7. f3 Bb4 8. e4
Bxe4 9. fxe4 Nxe4 10. Bd2 Qxd4 11. Nxe4 Qxe4+ 12. Qe2 Bxd2+ 13. Kxd2 Qd4+ 14.
Kc2 b5 15. axb5 cxb5 16. Qf3 Qxe5 17. Qxa8 Qf5+ 18. Kc1 Qf4+ 19. Kb1 Qf5+ 20.
Ka2 O-O 21. Be2 c3 22. Kb3 cxb2 23. Rad1 Rc8 24. Bd3 Qc5 25. Kxb2 b4 26. Kb1
Qc3 27. Qxa7 Nc6 28. Qa1 Qc5 29. Rc1 Qf8 30. Qb2 b3 31. Rc3 Ra8 32. Rxc6 Ra2
33. Qxb3 Ra3 34. Qxa3 Qxa3 35. Rc8+ 1-0

[Event "20th NATO Chess Ch"]
[Site "Hammelburg"]
[Date "2009.06.15"]
[Round "1.31"]
[White "Barta, Csaba"]
[Black "Bieluszewski, Piotr"]
[Result "0-1"]
[WhiteElo "1903"]
[BlackElo "2153"]
[PlyCount "78"]
[EventDate "2009.06.??"]
[EventType "swiss"]
[EventRounds "7"]
[EventCountry "GER"]
[SourceDate "2000.01.03"]

1. d4 d5 2. Nf3 Nf6 3. e3 g6 4. c4 e6 5. Bd3 Bg7 6. b3 O-O 7. Bb2 b6 8. Nc3 Bb7
9. Rc1 a6 10. O-O Nbd7 11. Qe2 Ne4 12. Nd2 Nxd2 13. Qxd2 c5 14. dxc5 bxc5 15.
cxd5 exd5 16. Be2 d4 17. exd4 cxd4 18. Na4 Re8 19. Rfe1 Rb8 20. Rcd1 Re4 21.
Bf1 Rxe1 22. Rxe1 Qh4 23. f4 Rd8 24. g3 Qf6 25. Bg2 Bxg2 26. Qxg2 Qd6 27. Rd1
Nb6 28. Nxb6 Qxb6 29. Qf2 Qc5 30. Rd2 Qf5 31. Qf1 Qa5 32. Qf2 Qxa2 33. Qf3 Qa5
34. Qd3 Bf6 35. Re2 Kg7 36. Re4 Qd5 37. Re2 Rd6 38. Qc4 Qf5 39. Rd2 Qe4 {Time}
0-1

[Event "20th NATO Chess Ch"]
[Site "Hammelburg"]
[Date "2009.06.15"]
[Round "1.32"]
[White "Cimer, Stefan"]
[Black "Lukjanovas, Vladas"]
[Result "1/2-1/2"]
[WhiteElo "2150"]
[BlackElo "1902"]
[PlyCount "63"]
[EventDate "2009.06.??"]
[EventType "swiss"]
[EventRounds "7"]
[EventCountry "GER"]
[SourceDate "2000.01.03"]

1. d4 Nf6 2. c4 e5 3. e3 Bb4+ 4. Bd2 Bxd2+ 5. Nxd2 exd4 6. exd4 d5 7. Ngf3 O-O
8. Be2 Nc6 9. O-O Re8 10. Re1 h6 11. c5 a6 12. Bf1 Bg4 13. Qb3 Rb8 14. Rxe8+
Nxe8 15. Qc3 Bxf3 16. Nxf3 Nf6 17. b4 Ne4 18. Qb2 Ng5 19. Nxg5 Qxg5 20. b5 axb5
21. Bxb5 Qf6 22. Bxc6 Qxc6 23. Rb1 Qa4 24. a3 b5 25. Qb4 Ra8 26. Qxb5 Qxb5 27.
Rxb5 Rxa3 28. g3 Ra4 29. Rb7 Rxd4 30. Rxc7 Rc4 31. Rc8+ Kh7 32. c6 1/2-1/2

[Event "20th NATO Chess Ch"]
[Site "Hammelburg"]
[Date "2009.06.15"]
[Round "1.33"]
[White "Van Dusen, Eric"]
[Black "Donati, Roberto"]
[Result "0-1"]
[WhiteElo "1881"]
[BlackElo "2149"]
[PlyCount "70"]
[EventDate "2009.06.??"]
[EventType "swiss"]
[EventRounds "7"]
[EventCountry "GER"]
[SourceDate "2000.01.03"]

1. d4 Nf6 2. Nf3 d6 3. Nc3 c6 4. e4 Bg4 5. Bg5 Nbd7 6. Bd3 Qb6 7. Na4 Qa5+ 8.
c3 Bxf3 9. Qxf3 Qxg5 10. O-O e5 11. b4 exd4 12. cxd4 Be7 13. b5 cxb5 14. e5
dxe5 15. Bxb5 O-O 16. Bxd7 Nxd7 17. Qxb7 Nb6 18. Nxb6 axb6 19. dxe5 Bc5 20. Qe4
Rfe8 21. Rae1 Rxa2 22. Qc4 Raa8 23. h4 Qf5 24. g4 Qf3 25. Qe2 Qxe2 26. Rxe2 Ra4
27. Kh2 Rxg4 28. Kh3 h5 29. f3 Rg1 30. Rxg1 Bxg1 31. f4 g6 32. f5 Bd4 33. fxg6
fxg6 34. e6 Kg7 35. Re4 Bc5 0-1

[Event "20th NATO Chess Ch"]
[Site "Hammelburg"]
[Date "2009.06.15"]
[Round "1.34"]
[White "Picart, Laurent"]
[Black "Dekker, Ard"]
[Result "0-1"]
[WhiteElo "2148"]
[BlackElo "1880"]
[PlyCount "52"]
[EventDate "2009.06.??"]
[EventType "swiss"]
[EventRounds "7"]
[EventCountry "GER"]
[SourceDate "2000.01.03"]

1. d4 Nf6 2. c4 g6 3. Nc3 d5 4. Nf3 Bg7 5. Bg5 c6 6. e3 O-O 7. Rc1 Bg4 8. Bxf6
Bxf6 9. cxd5 cxd5 10. Qb3 Bxf3 11. gxf3 e6 12. Qxb7 Nd7 13. Bb5 Nb6 14. f4 Qd6
15. a3 a6 16. Qc6 Qb8 17. Bxa6 Rxa6 18. Qb5 Ra7 19. a4 Nc4 20. b3 Rb7 21. bxc4
Rxb5 22. cxb5 Rc8 23. Kd2 Rc4 24. Rb1 Bxd4 25. exd4 Qxf4+ 26. Kc2 Qxd4 0-1

[Event "20th NATO Chess Ch"]
[Site "Hammelburg"]
[Date "2009.06.15"]
[Round "1.35"]
[White "Cappon, Kaan"]
[Black "Kersic, Matej"]
[Result "0-1"]
[WhiteElo "1877"]
[BlackElo "2142"]
[PlyCount "44"]
[EventDate "2009.06.??"]
[EventType "swiss"]
[EventRounds "7"]
[EventCountry "GER"]
[SourceDate "2000.01.03"]

1. e4 c5 2. Nf3 d6 3. b3 Nf6 4. Bb2 Nxe4 5. Bd3 Nf6 6. O-O e6 7. Re1 Be7 8.
Bb5+ Bd7 9. Bxd7+ Qxd7 10. d4 cxd4 11. Qxd4 Nc6 12. Qh4 d5 13. Qg5 O-O 14. Na3
Ne8 15. Qd2 Bf6 16. Nc4 Bxb2 17. Nxb2 Nf6 18. Rad1 Qc7 19. c4 Rfd8 20. cxd5
Nxd5 21. Rc1 Qd7 22. Nc4 Ndb4 0-1

[Event "20th NATO Chess Ch"]
[Site "Hammelburg"]
[Date "2009.06.15"]
[Round "1.36"]
[White "Rosenkilde, Alexander"]
[Black "Le Fevre, Stephen"]
[Result "1-0"]
[WhiteElo "2138"]
[BlackElo "1864"]
[PlyCount "65"]
[EventDate "2009.06.??"]
[EventType "swiss"]
[EventRounds "7"]
[EventCountry "GER"]
[SourceDate "2000.01.03"]

1. d4 Nf6 2. c4 g6 3. Nc3 Bg7 4. e4 d6 5. Nf3 O-O 6. h3 Nbd7 7. Bg5 c5 8. d5 h6
9. Bf4 Ne8 10. Bd3 Qa5 11. Qc2 Ne5 12. Nxe5 dxe5 13. Bd2 Qd8 14. a3 Nd6 15. b4
cxb4 16. axb4 f5 17. c5 fxe4 18. Nxe4 Nxe4 19. Bxe4 Bf5 20. O-O a6 21. Rfe1 Qd7
22. Rad1 Rad8 23. Bc3 Bxe4 24. Qxe4 Qf5 25. Re2 Qh5 26. Bxe5 Bxe5 27. Qxe5 Rf5
28. Qxe7 Rfxd5 29. Qxd8+ Rxd8 30. Rxd8+ Kf7 31. Rd7+ Kf6 32. Red2 Qe5 33. R2d6+
1-0

[Event "20th NATO Chess Ch"]
[Site "Hammelburg"]
[Date "2009.06.15"]
[Round "1.37"]
[White "Harwood, Duncan"]
[Black "Alaslar, Devrim"]
[Result "0-1"]
[WhiteElo "1800"]
[BlackElo "2135"]
[PlyCount "76"]
[EventDate "2009.06.??"]
[EventType "swiss"]
[EventRounds "7"]
[EventCountry "GER"]
[SourceDate "2000.01.03"]

1. e4 c5 2. Nf3 g6 3. d4 cxd4 4. Qxd4 Nf6 5. e5 Nc6 6. Qa4 Nd5 7. Bb5 Bg7 8.
Bxc6 dxc6 9. O-O O-O 10. Qh4 h5 11. Re1 Bg4 12. Qg3 Qa5 13. c3 Rad8 14. Nbd2
Nc7 15. h3 Bxf3 16. Qxf3 Rd5 17. Nb3 Qa6 18. Bf4 Ne6 19. Bg3 Rfd8 20. Qe4 Qd3
21. Qb4 R5d7 22. a4 b6 23. Rac1 Bh6 24. Rb1 c5 25. Qa3 c4 26. Na1 Nc5 27. f3
Bd2 28. Rf1 a5 29. Qa2 Be3+ 30. Kh2 Qd5 31. Nc2 Bg5 32. f4 h4 33. Be1 Qd3 34.
fxg5 Qxf1 35. Bxh4 Rd1 36. Rxd1 Rxd1 37. Nd4 Ne4 38. Be1 Rxe1 0-1

[Event "20th NATO Chess Ch"]
[Site "Hammelburg"]
[Date "2009.06.15"]
[Round "1.38"]
[White "Oltean, Gusztav"]
[Black "Ulusoy, Mustafa"]
[Result "1-0"]
[WhiteElo "2133"]
[BlackElo "1737"]
[PlyCount "61"]
[EventDate "2009.06.??"]
[EventType "swiss"]
[EventRounds "7"]
[EventCountry "GER"]
[SourceDate "2000.01.03"]

1. c4 e6 2. Nf3 Nf6 3. g3 b6 4. Bg2 Bb7 5. O-O Be7 6. d4 O-O 7. Nc3 Qc8 8. Qc2
d5 9. cxd5 exd5 10. Bf4 c6 11. Ne5 Nbd7 12. Bh3 Qe8 13. e4 dxe4 14. Nxe4 Nxe5
15. Bxe5 Nxe4 16. Qxe4 Bf6 17. Rfe1 Bxe5 18. dxe5 Qe7 19. e6 f6 20. Rad1 c5 21.
Qc4 Kh8 22. Rd7 Qe8 23. Rxb7 Qh5 24. e7 Rg8 25. Be6 Rgb8 26. Rxb8+ Rxb8 27. Bf7
g6 28. e8=Q+ Rxe8 29. Rxe8+ Kg7 30. Rg8+ Kh6 31. Qf4+ 1-0

[Event "20th NATO Chess Ch"]
[Site "Hammelburg"]
[Date "2009.06.15"]
[Round "1.39"]
[White "Kacevicius, Dangiras"]
[Black "Gooris, Jan"]
[Result "0-1"]
[WhiteElo "1730"]
[BlackElo "2132"]
[PlyCount "54"]
[EventDate "2009.06.??"]
[EventType "swiss"]
[EventRounds "7"]
[EventCountry "GER"]
[SourceDate "2000.01.03"]

1. d4 g6 2. c4 Bg7 3. Nc3 Nf6 4. Nf3 O-O 5. e3 d6 6. e4 Nbd7 7. Bf4 c6 8. Bd3
Nh5 9. Be3 e5 10. d5 Nf4 11. Bxf4 exf4 12. Qc2 Re8 13. Nd2 Ne5 14. f3 Qg5 15.
Bf1 Qh4+ 16. Ke2 b6 17. Re1 Ba6 18. Qa4 Bxc4+ 19. Nxc4 b5 20. Nxb5 cxb5 21.
Qxb5 Rab8 22. Qa4 Nxc4 23. b3 Nb2 24. Qd7 Rec8 25. Rd1 Rc2+ 26. Rd2 Bc3 27.
Rxc2 Qe1# 0-1

[Event "20th NATO Chess Ch"]
[Site "Hammelburg"]
[Date "2009.06.15"]
[Round "1.40"]
[White "Serralta, Michel"]
[Black "Hunter, Terry"]
[Result "1-0"]
[WhiteElo "2125"]
[BlackElo "1692"]
[PlyCount "47"]
[EventDate "2009.06.??"]
[EventType "swiss"]
[EventRounds "7"]
[EventCountry "GER"]
[SourceDate "2000.01.03"]

1. d4 Nf6 2. c4 g6 3. Nc3 d5 4. cxd5 Nxd5 5. e4 Nb6 6. Be3 Bg7 7. Qd2 Nc6 8.
O-O-O e5 9. d5 Nd4 10. f4 Bg4 11. fxe5 Bxd1 12. Bxd4 Bg4 13. Bb5+ Kf8 14. Bc5+
Kg8 15. e6 fxe6 16. h3 Qh4 17. g3 Qh5 18. hxg4 Qxh1 19. dxe6 Bxc3 20. Qf4 Bd2+
21. Kxd2 Rd8+ 22. Kc1 Kg7 23. Qf7+ Kh6 24. Be3+ 1-0

[Event "20th NATO Chess Ch"]
[Site "Hammelburg"]
[Date "2009.06.15"]
[Round "1.41"]
[White "Vercauteren, Daniel"]
[Black "Eriksson, Christian"]
[Result "0-1"]
[WhiteElo "1686"]
[BlackElo "2122"]
[PlyCount "100"]
[EventDate "2009.06.??"]
[EventType "swiss"]
[EventRounds "7"]
[EventCountry "GER"]
[SourceDate "2000.01.03"]

1. Nc3 c5 2. e4 Nc6 3. Nf3 Nf6 4. d4 cxd4 5. Nxd4 e5 6. Nxc6 bxc6 7. Bc4 Bb4 8.
Bd2 O-O 9. O-O Bxc3 10. Bxc3 Nxe4 11. Bxe5 d5 12. Bd3 Re8 13. Bd4 Qg5 14. Re1
Bf5 15. Be3 Qg6 16. f3 Ng5 17. Bxf5 Qxf5 18. Bxg5 Qxg5 19. Qd4 h5 20. Qf2 Qf6
21. c3 a5 22. Rxe8+ Rxe8 23. Re1 Rb8 24. Re2 Qf5 25. a3 Qb1+ 26. Qf1 Qa2 27.
Qf2 Qc4 28. h3 a4 29. Qe1 Qc5+ 30. Kh2 Rf8 31. Rd2 Qd6+ 32. Kg1 Rd8 33. Qh4 Re8
34. Qf2 Qf4 35. Re2 Rb8 36. Qe1 Kf8 37. Qd2 Qf5 38. Qc2 Qxc2 39. Rxc2 Ke7 40.
Kf2 Kd6 41. Ke3 h4 42. Rd2 c5 43. f4 Re8+ 44. Kf3 Re4 45. Kg4 Ke6 46. Rf2 d4
47. cxd4 cxd4 48. Kxh4 d3 49. g4 Kd5 50. Rf3 Kd4 0-1

[Event "20th NATO Chess Ch"]
[Site "Hammelburg"]
[Date "2009.06.15"]
[Round "1.43"]
[White "Denner, Philip"]
[Black "Franck, Boris"]
[Result "0-1"]
[WhiteElo "1648"]
[BlackElo "2122"]
[PlyCount "80"]
[EventDate "2009.06.??"]
[EventType "swiss"]
[EventRounds "7"]
[EventCountry "GER"]
[SourceDate "2000.01.03"]

1. d4 g6 2. Bf4 Bg7 3. Nf3 d6 4. c3 Nd7 5. e4 e5 6. Be3 Ne7 7. Bc4 O-O 8. Nbd2
c6 9. Qb3 Nb6 10. Bd3 Be6 11. Qc2 h6 12. O-O Qc7 13. Nb3 Nc4 14. Bc1 b6 15. Qe2
b5 16. Nbd2 Nb6 17. b3 a6 18. Bb2 c5 19. d5 Bd7 20. c4 Rab8 21. Rac1 f5 22. Bc3
b4 23. Bb2 a5 24. Kh1 a4 25. Rc2 g5 26. exf5 Bxf5 27. Ne4 Bg4 28. Ned2 Qd7 29.
Be4 Nf5 30. Qd3 Nd4 31. Nxd4 exd4 32. Kg1 Rbe8 33. Rcc1 Rf4 34. Rce1 Bh5 35.
Bh7+ Kh8 36. Bg6 Bxg6 37. Qxg6 Rff8 38. Re6 Rxe6 39. dxe6 Qe8 40. Re1 Qxg6 0-1

[Event "20th NATO Chess Ch"]
[Site "Hammelburg"]
[Date "2009.06.15"]
[Round "1.44"]
[White "Narman, Gökhan"]
[Black "Bellemare, Régis"]
[Result "1-0"]
[WhiteElo "2120"]
[BlackElo "1634"]
[PlyCount "83"]
[EventDate "2009.06.??"]
[EventType "swiss"]
[EventRounds "7"]
[EventCountry "GER"]
[SourceDate "2000.01.03"]

1. d4 f5 2. g3 e6 3. Bg2 Nf6 4. c4 Be7 5. Nf3 d6 6. Nc3 O-O 7. b3 Nbd7 8. Bb2
Ne4 9. O-O Nxc3 10. Bxc3 Qe8 11. Re1 Nf6 12. Nd2 Qh5 13. e4 Qxd1 14. Raxd1 fxe4
15. Nxe4 Nxe4 16. Bxe4 Bf6 17. f4 c6 18. Rd3 g6 19. Bg2 Bd7 20. Bh3 Kf7 21. Bb4
Ke7 22. Bxe6 Bxe6 23. d5 c5 24. Rxe6+ Kd7 25. Bc3 Bxc3 26. Rxc3 Rae8 27. Rce3
Rxe6 28. Rxe6 Re8 29. Rxe8 Kxe8 30. Kf2 a6 31. g4 Kf7 32. Kf3 h6 33. h4 b5 34.
g5 hxg5 35. hxg5 Kg7 36. Ke4 b4 37. f5 Kf7 38. fxg6+ Kxg6 39. Kf4 a5 40. Kg4
Kf7 41. Kf5 Kg7 42. Ke6 1-0

[Event "20th NATO Chess Ch"]
[Site "Hammelburg"]
[Date "2009.06.15"]
[Round "1.45"]
[White "Emmins, Karl"]
[Black "Prevot, Jean-Luc"]
[Result "0-1"]
[WhiteElo "1616"]
[BlackElo "2119"]
[PlyCount "91"]
[EventDate "2009.06.??"]
[EventType "swiss"]
[EventRounds "7"]
[EventCountry "GER"]
[SourceDate "2000.01.03"]

1. e4 c6 2. d4 d5 3. e5 Bf5 4. Nf3 e6 5. Nbd2 Nd7 6. Nb3 Ne7 7. Bd2 c5 8. c4
Nc6 9. Bc3 Qc7 10. cxd5 exd5 11. Bb5 c4 12. Nc1 Nb4 13. Bxd7+ Qxd7 14. Bxb4
Bxb4+ 15. Nd2 O-O 16. a3 Ba5 17. O-O c3 18. bxc3 Bxc3 19. Ndb3 Bxa1 20. Nxa1
Rac8 21. Ne2 Qb5 22. Re1 Qd3 23. Qxd3 Bxd3 24. Nf4 Bc4 25. Nc2 Bb3 26. Nb4 Rc4
27. g3 Re8 28. Ne2 Rd8 29. f4 a5 30. Nd3 b6 31. f5 Bc2 32. Nb2 Rcc8 33. g4 h5
34. h3 hxg4 35. hxg4 Be4 36. Na4 Rc6 37. Nac3 Bf3 38. Nb5 Bxg4 39. Ng3 Rc2 40.
Nf1 Re2 41. Rc1 Bxf5 42. Rc3 Rc2 43. Rf3 Be4 44. Rg3 Rdc8 45. Ne3 Rb2 46. e6
0-1

[Event "20th NATO Chess Ch"]
[Site "Hammelburg"]
[Date "2009.06.15"]
[Round "1.46"]
[White "Razola, Garcia Joaquin"]
[Black "Murray, Brian"]
[Result "1-0"]
[WhiteElo "2106"]
[BlackElo "1571"]
[PlyCount "41"]
[EventDate "2009.06.??"]
[EventType "swiss"]
[EventRounds "7"]
[EventCountry "GER"]
[SourceDate "2000.01.03"]

1. e4 e6 2. d4 d5 3. e5 c5 4. Nf3 Nc6 5. Bd3 cxd4 6. O-O Qb6 7. Nbd2 f6 8. Re1
fxe5 9. Nxe5 Nf6 10. f4 Nb4 11. f5 Be7 12. fxe6 Bxe6 13. Qe2 Nxc2 14. Ndc4 dxc4
15. Nxc4 Qc5 16. Qxe6 Nxe1 17. Bf4 Rd8 18. Rxe1 Nd5 19. Bd6 Rxd6 20. Nxd6+ Kd8
21. Nxb7+ 1-0

[Event "20th NATO Chess Ch"]
[Site "Hammelburg"]
[Date "2009.06.15"]
[Round "1.47"]
[White "Ghiacy, Jelani"]
[Black "Bonnelykke, Ole"]
[Result "0-1"]
[WhiteElo "1517"]
[BlackElo "2101"]
[PlyCount "102"]
[EventDate "2009.06.??"]
[EventType "swiss"]
[EventRounds "7"]
[EventCountry "GER"]
[SourceDate "2000.01.03"]

1. e4 c5 2. Bc4 e6 3. Nf3 a6 4. a3 b5 5. Ba2 Bb7 6. Nc3 b4 7. axb4 cxb4 8. Nb1
Bxe4 9. d3 Bb7 10. O-O Nf6 11. h3 Qc7 12. Nbd2 Be7 13. Nc4 d5 14. Ne3 Nbd7 15.
Bd2 Ne5 16. Nxe5 Qxe5 17. Rb1 O-O 18. Re1 Qc7 19. c3 a5 20. Bb3 Ba6 21. c4 d4
22. Nf1 Nd7 23. Qg4 Nc5 24. Bh6 Bf6 25. Bc2 b3 26. Bxb3 Nxb3 27. Ng3 Kh8 28.
Nh5 Rg8 29. Bf4 e5 30. Bg3 Bc8 31. Qf3 Bb7 32. Qg4 Qc8 33. Qxc8 Rgxc8 34. Bxe5
Bxe5 35. Rxe5 Rc5 36. Re7 Bxg2 37. Kxg2 Rxh5 38. Rbe1 Rf8 39. Re8 Rg5+ 40. Kh2
Kg8 41. f4 Rf5 42. Kg3 Nc5 43. Rxf8+ Kxf8 44. Rd1 g5 45. fxg5 Rxg5+ 46. Kf4 Rg2
47. Ke5 Nb3 48. Rf1 Rg3 49. Rf6 Rxd3 50. Rb6 Rxh3 51. Kf6 Rh6+ 0-1

[Event "20th NATO Chess Ch"]
[Site "Hammelburg"]
[Date "2009.06.16"]
[Round "2.2"]
[White "Kersic, Matej"]
[Black "Drabke, Lorenz"]
[Result "1/2-1/2"]
[WhiteElo "2142"]
[BlackElo "2469"]
[PlyCount "62"]
[EventDate "2009.06.??"]
[EventType "swiss"]
[EventRounds "7"]
[EventCountry "GER"]
[SourceDate "2000.01.03"]

1. e4 c5 2. Nf3 e6 3. d4 cxd4 4. Nxd4 a6 5. Bd3 Qb6 6. Nb3 Qc7 7. O-O Nf6 8. f4
d6 9. a4 b6 10. Nc3 Bb7 11. Qe2 Nbd7 12. Bd2 Be7 13. Rae1 e5 14. Kh1 O-O 15.
Qf2 Rfe8 16. fxe5 Nxe5 17. Nd4 d5 18. exd5 Bc5 19. Bf4 Nxd3 20. cxd3 Qd7 21.
Ne4 Nxd5 22. Nxc5 bxc5 23. Ne2 Rac8 24. Bd2 Nf6 25. Nf4 Rxe1 26. Rxe1 Qxa4 27.
Bc3 Qc6 28. Re7 Nd5 29. Nxd5 Qxd5 30. Qg3 g6 31. h3 Kf8 1/2-1/2

[Event "20th NATO Chess Ch"]
[Site "Hammelburg"]
[Date "2009.06.16"]
[Round "2.3"]
[White "Wantiez, Fabrice"]
[Black "Rosenkilde, Alexander"]
[Result "1-0"]
[WhiteElo "2339"]
[BlackElo "2138"]
[PlyCount "65"]
[EventDate "2009.06.??"]
[EventType "swiss"]
[EventRounds "7"]
[EventCountry "GER"]
[SourceDate "2000.01.03"]

1. e4 c5 2. Nc3 Nc6 3. Bb5 Nd4 4. Nf3 Nxb5 5. Nxb5 d6 6. d4 a6 7. Nc3 cxd4 8.
Qxd4 Nf6 9. Bg5 h6 10. Bxf6 gxf6 11. O-O e6 12. a4 Be7 13. Qe3 b6 14. Rad1 Qc7
15. Nd4 Qc5 16. Kh1 Bb7 17. Qh3 Rd8 18. f4 d5 19. e5 h5 20. Qg3 f5 21. Qg7 Rf8
22. Nce2 Kd7 23. Rf3 b5 24. axb5 axb5 25. Ng3 h4 26. Nh5 Qb6 27. Nf6+ Kc8 28.
Nh7 Rh8 29. Qxf7 Bc5 30. Nxe6 Rd7 31. Qxf5 Rhxh7 32. Nxc5 Qxc5 33. Rc3 1-0

[Event "20th NATO Chess Ch"]
[Site "Hammelburg"]
[Date "2009.06.16"]
[Round "2.4"]
[White "Alaslar, Devrim"]
[Black "Vaznonis, Vytautas"]
[Result "1/2-1/2"]
[WhiteElo "2135"]
[BlackElo "2338"]
[PlyCount "35"]
[EventDate "2009.06.??"]
[EventType "swiss"]
[EventRounds "7"]
[EventCountry "GER"]
[SourceDate "2000.01.03"]

1. e4 e6 2. d4 d5 3. Nc3 Nf6 4. Bg5 Be7 5. e5 Nfd7 6. Bxe7 Qxe7 7. f4 a6 8. Nf3
c5 9. dxc5 Nc6 10. Qd2 Nxc5 11. O-O-O b5 12. Bd3 O-O 13. h4 b4 14. Ne2 a5 15.
Ned4 Nxd4 16. Nxd4 Ba6 17. Kb1 f5 18. h5 1/2-1/2

[Event "20th NATO Chess Ch"]
[Site "Hammelburg"]
[Date "2009.06.16"]
[Round "2.5"]
[White "Gooris, Jan"]
[Black "Garret, Pieta"]
[Result "0-1"]
[WhiteElo "2132"]
[BlackElo "2326"]
[PlyCount "60"]
[EventDate "2009.06.??"]
[EventType "swiss"]
[EventRounds "7"]
[EventCountry "GER"]
[SourceDate "2000.01.03"]

1. e4 e6 2. d4 d5 3. Nc3 Bb4 4. e5 c5 5. Bd2 Ne7 6. Nb5 Bxd2+ 7. Qxd2 O-O 8. f4
Qb6 9. Nf3 Bd7 10. dxc5 Qxc5 11. Nd6 Nbc6 12. O-O-O f6 13. Qe1 Ng6 14. Bd3 Nxf4
15. Bxh7+ Kxh7 16. Qh4+ Kg8 17. Qxf4 fxe5 18. Qh4 Rxf3 19. gxf3 Qxd6 20. Rhg1
Rf8 21. Rg5 Nd4 22. Qg4 Rf7 23. f4 exf4 24. Rxd4 e5 25. Qh4 exd4 26. Rh5 Rf5
27. Rh8+ Kf7 28. Qd8 Qe7 29. Qg8+ Kf6 30. b3 f3 0-1

[Event "20th NATO Chess Ch"]
[Site "Hammelburg"]
[Date "2009.06.16"]
[Round "2.6"]
[White "Pedersen, Finn"]
[Black "Oltean, Gusztav"]
[Result "1-0"]
[WhiteElo "2287"]
[BlackElo "2133"]
[PlyCount "185"]
[EventDate "2009.06.??"]
[EventType "swiss"]
[EventRounds "7"]
[EventCountry "GER"]
[SourceDate "2000.01.03"]

1. Nf3 c5 2. c3 d5 3. d4 cxd4 4. cxd4 Nf6 5. Nc3 Nc6 6. e3 Bf5 7. Qb3 Rb8 8.
Ne5 e6 9. Bb5 Nd7 10. Nxd7 Qxd7 11. Bd2 Bd6 12. O-O O-O 13. Rfc1 Qe7 14. Na4
Qh4 15. f4 Be4 16. Bf1 g5 17. Nc3 f5 18. g3 Qg4 19. Qd1 Qxd1 20. Rxd1 gxf4 21.
Nxe4 fxe4 22. gxf4 Kf7 23. Be2 Ne7 24. Kf2 Rbc8 25. Rac1 Rxc1 26. Rxc1 Rg8 27.
Rg1 Rc8 28. Bc3 Nf5 29. Bh5+ Kf6 30. a4 Rc4 31. Be8 a6 32. Bh5 Rxa4 33. Rg8 b5
34. Ra8 b4 35. Ra7 Be7 36. Bd2 Ra2 37. Bc1 Ra1 38. Rc7 Nd6 39. b3 Rb1 40. Bd2
Rxb3 41. Be1 Nf5 42. Be8 Rb2+ 43. Kg1 Rb1 44. Kf2 Nxe3 45. Bxb4 Nd1+ 46. Ke2
Rxb4 47. Kxd1 Rxd4+ 48. Ke2 Rb4 49. Rc6 Rb7 50. Ke3 Rb3+ 51. Ke2 Kf5 52. Bd7
Kxf4 53. Rxe6 Rb2+ 54. Kd1 Bb4 55. Rf6+ Ke3 56. Rh6 Rd2+ 57. Kc1 Ba3+ 58. Kb1
a5 59. Rh3+ Kd4 60. Rxa3 Rxh2 61. Rxa5 e3 62. Bc6 e2 63. Rxd5+ Ke3 64. Re5+ Kf2
65. Rf5+ Kg1 66. Rg5+ Kf1 67. Bb5 Rh1 68. Kc2 h6 69. Re5 Rh2 70. Kd2 Rf2 71.
Bxe2+ Kg2 72. Re6 Kg3 73. Rxh6 Rf8 74. Re6 Kf4 75. Bd3 Rh8 76. Rf6+ Kg5 77. Rf3
Re8 78. Kc3 Re7 79. Kd4 Re8 80. Be4 Re7 81. Ke3 Re8 82. Rg3+ Kf6 83. Kf4 Re7
84. Rg6+ Kf7 85. Rd6 Kg7 86. Kf5 Ra7 87. Kg5 Ra5+ 88. Bd5 Ra7 89. Rg6+ Kh7 90.
Bg8+ Kh8 91. Kf6 Ra6+ 92. Be6 Ra1 93. Rh6# 1-0

[Event "20th NATO Chess Ch"]
[Site "Hammelburg"]
[Date "2009.06.16"]
[Round "2.8"]
[White "Sypien, Mateusz"]
[Black "Serralta, Michel"]
[Result "1-0"]
[WhiteElo "2245"]
[BlackElo "2125"]
[PlyCount "55"]
[EventDate "2009.06.??"]
[EventType "swiss"]
[EventRounds "7"]
[EventCountry "GER"]
[SourceDate "2000.01.03"]

1. e4 c5 2. Nf3 Nc6 3. c3 d5 4. exd5 Qxd5 5. d4 Bg4 6. Be2 cxd4 7. cxd4 e6 8.
O-O Nf6 9. Nc3 Qd6 10. Be3 Be7 11. h3 Bh5 12. Qb3 Qb4 13. Rfd1 Qxb3 14. axb3
O-O 15. d5 exd5 16. Nxd5 Nxd5 17. Rxd5 Bg6 18. Rd7 Bf6 19. Rxb7 Bxb2 20. Ra6
Rfc8 21. Bb5 Ne5 22. Nxe5 Bxe5 23. Bc4 Rd8 24. f4 Bc3 25. f5 Bxf5 26. Rxf7 Rd1+
27. Kf2 Bd3 28. Rfxa7+ 1-0